000 00336nam a22001337a 4500
008 170614b xxu||||| |||| 00| 0 eng d
020 _a9789570196917
041 _aeng
080 _a32
100 _a19
101 _aSHP
245 _aRETHINKING NEW INTERNATIONAL ORDER IN EAST ASIA: U.S., CHINA AND TAIWAN
_cYUAN,I
942 _2udc
_cBK
999 _c17250
_d17250